000 00849nam a22001937a 4500
999 _c22129
_d22129
003 AR-CdUCM
008 190425b ||||| |||| 00| 0 spa d
040 _aMUNICIPALIDAD PROVINCIAL DEL CUSCO
_cBIBLIOTECA MUNICIPAL DEL CUSCO
082 _aRevdeEdu/N°9/1959
245 _aRevista de educación :
_bvocero del pensamiento Magisterial de la Provincia /
_cOstende Ardiles M, Director
260 _aCusco.
_bH.G. Rozas,
_c1959.
300 _a30 páginas. :
_c33 cm.
440 _aRevista de educación.
_nAño III, N°9, noviembre 1959.
_947503
505 _aContenido: Alcances a las concentraciones magisteriales. -- Proceso de enseñanza en el aprendizaje. --Interpretación general de los planes y programas.-- Preparación del trabajo escolar. ...
650 _aEducacion
_9460
650 _aPedagogía
_91560
942 _2ddc
_cPP
945 _avhl